000 00855nam a2200229 a 4500
001 000048584
005 20201002061245.0
008 190401s2013 dr 000 0 spa d
020 _a9789945471557
040 _aDO-SdBNP
_bspa
_cBNPHU
082 _axx
_bxx
100 1 _aAmechazurra de Pellerano, Isabel Luisa
_976033
245 1 0 _aIsabel Amechazurra de Pellerano :
_btextos reunidos /
_cIsabel Amechazurra de Pellerano ; editores Roque Diómedez Santos, Juan Ml. Pellerano Gómez.
246 1 3 _aIsabel Amechazurra de Pellerano (Beliza):
_bobras reunidas
260 _aSanto Domingo :
_bAmigo del Hogar,
_c2013.
300 _a247 p. ;
_c24 cm.
500 _aIncluye índice
590 _aInventariado, 2019/VM
504 _aBibliografía : p. 244
700 1 _aDiómedez Santos, Roque
_eed.
_976034
700 1 _aPellerano Gómez, Juan Ml.
_eed.
_911850
999 _c48072
_d48072